Inovatívne technológie neurovedy v skúmaní spotrebiteľského správania

Saved in:
Bibliographic Details
Main Author: Dúbravská, Kristína, 2000-
Format: Book Chapter
Language:Slovak
Tags: Add Tag
No Tags, Be the first to tag this record!

MARC

LEADER 00000naa$a2200000$$$4500
001 0314430
005 20260123100557.4
041 0 |a slo 
044 |a SK 
245 1 0 |a Inovatívne technológie neurovedy v skúmaní spotrebiteľského správania  |c Kristína Dúbravská 
100 1 |a Dúbravská, Kristína, 2000-